| 000 | 00548cam a2200193 a 4500 | ||
|---|---|---|---|
| 020 | _a0807816396 | ||
| 020 | _a0807841285 (pbk.) | ||
| 041 | 1 | _aeng | |
| 082 | 0 | 0 |
_a809.19351 _bSCH |
| 100 | 1 | _aSchimmel, Annemarie, | |
| 245 | 1 | 0 | _aAnd Muhammad is his messenger : |
| 260 |
_aChapel Hill : _bUniversity of North Carolina Press, _cc1985. |
||
| 300 |
_axii, 377 p. : _bill. ; |
||
| 490 | 1 | _aStudies in religion | |
| 500 | _aTranslation of: Und Muhammad ist sein Prophet. | ||
| 500 | _aIncludes indexes. | ||
| 650 | 0 | _aIslamic poetry | |
| 942 | _cBK | ||
| 999 |
_c22429 _d22429 |
||